Progress in drug research Volume 50

Enregistré dans:
Détails bibliographiques
Autres auteurs: Jucker, Ernst
Format: Livre
Langue:anglais
Publié: Basel Birkhäuser 1998
Sujets:
Accès en ligne:Voir à l'OPAC
Tags: Ajouter un tag
Pas de tags, Soyez le premier à ajouter un tag!

MARC

LEADER 00000nam a2200000 a 4500
005 20260127134217.0
008 090505 1998 sz 000 0 eng d
020 |a 3764358211 
020 |a 0817658211 
035 |a vtls009505090 
039 9 |a 201008021511  |b msnk88  |y 200905050847  |z mschk03 
040 |a STUSCHK1  |b slo  |c STUSCHK1  |e AACR2 
080 |a 615 
080 |a 633.88 
245 1 |a Progress in drug research  |n Volume 50  |c edited by Ernst Jucker 
260 |a Basel  |b Birkhäuser  |c 1998 
300 |a 373 s.  |b il.  |c 24 cm 
650 0 |a farmácia 
650 0 7 |a farmakológia 
700 1 |a Jucker, Ernst 
910 |a SCHK95 
919 |a 3-7643-5821-1 
919 |a 0-8176-5821-1 
999 |c 6796  |d 6796